| 000 | nam a22 a 4500 | ||
|---|---|---|---|
| 999 |
_c2017 _d2017 |
||
| 003 | AKMAL | ||
| 005 | 20170515084510.0 | ||
| 008 | 170515 2005 M g 00 eng d | ||
| 020 |
_a9677008897 (kkt.) : _cRM15.00 |
||
| 039 | 9 |
_a200512221103 _bsuhana _c200512091035 _dzuraidahs _c200512091035 _dzuraidahs _c200505041248 _dsuzani |
|
| 040 | _aAKMAL | ||
| 082 | _a352.48 NAT | ||
| 090 | 0 | 0 |
_a352.48 _bNAT |
| 245 | _aMalaysia National Budget 2005 | ||
| 250 | _a22nd ed. | ||
| 260 |
_aKuala Lumpur : _bMDC Publishers Printers, _c2005 |
||
| 300 |
_a75 p. ; _c26cm |
||
| 500 | _aAnnual | ||
| 650 |
_aBudget _zMalaysia _91171 |
||
| 650 |
_aExpenditure, Public _zMalaysia _94182 |
||
| 942 |
_2ddc _cBOOK |
||